| 000 | 00775nam a2200205Ii 4500 | ||
|---|---|---|---|
| 003 | JO-AjNU | ||
| 008 | 230605s9999||||xx |||||||||||||| ||und|| | ||
| 040 |
_aJO-AjNU _bara _erda _cJO-AjNU |
||
| 041 | _aara | ||
| 050 | 1 | 4 | _aBP170.85 1986 |
| 100 | 3 |
_aالخلال، أبي بكر أحمد بن محمد بن هارون ؛ تحقيق ودراسة عبد القادر أحمد عطا, _eauthor _935322 |
|
| 245 | 0 | 0 | _aالأمر بالمعروف والنهي عن المنكر |
| 250 | _aط1 | ||
| 264 | 3 | 1 | _aبيروت: دار الكتب العلمية، 1986 |
| 300 | _a136ص | ||
| 336 |
_atext _btxt _2rdacontent |
||
| 337 |
_aunmediated _bn _2rdamedia |
||
| 338 |
_avolume _bnc _2rdacarrier |
||
| 650 | 4 |
_aالامر بالمعروف- النهي عن المنكر _935323 |
|
| 999 |
_aA14571 _c18139 _d18139 |
||